000 00723cam a2200265 4500
001 ABS67908
008 040701n2004 000 0 eng u
035 _a(Sirsi) u126675
245 _aRegional survey: Staffordshire and Shropshire
260 _c2004
490 _aProperty Week
_v69(23) 4 June 2004, 71-82(6)
590 _aABS
590 _aABS
650 _aSTAFFORDSHIRE
650 _aSHROPSHIRE
650 _aSTOKE-ON-TRENT
650 _aSHREWSBURY
650 _aTELFORD
650 _aOFFICE MARKET
650 _aPROPERTY-COMMERCIAL PROPERTY-RETAIL PROPERTY-RETAIL PROPERTY MARKET
650 _aINDUSTRIAL MARKET
650 _aREGENERATION
690 _aCOMMERCIAL PROPERTY-MARKET
942 _n0
999 _c117640
_d117640